Deutsche Städte nach Sehenswürdigkeiten - Statistiken

Allgemein
  • Dieses Quiz wurde 468 mal gespielt
  • Das Durchschnittsergebnis liegt bei 10 aus 15
Antwortstatistiken
Sehenswürdigkeit Stadt % Korrekt
Brandenburger Tor Berlin
99%
Reeperbahn Hamburg
97%
Stadtmusikanten-Statue Bremen
94%
Schwebebahn Wuppertal
88%
Domplatte Köln
87%
Semperoper Dresden
85%
Schloss Sanssouci Potsdam
83%
Holstentor Lübeck
80%
Völkerschlachtdenkmal Leipzig
71%
Zeche Zollverein Essen
69%
Porta Nigra Trier
69%
Stachus München
65%
Herrenhäuser Gärten Hannover
38%
Friedrichsplatz Mannheim
11%
Granusturm Aachen
9%
Keine übereinstimmenden Quizze gefunden
Verteilung der Resultate
Anzahl Personen mit jedem Resultat
Perzentil nach korrekt beantworteten Fragen
Ihre Resultats-Entwicklung
Sie haben dieses Quiz noch nicht gespielt